00523 2200193 4500001002100000005001500021035002000036007000300056008004100059020001800100082001000118084001600128100001900144245005200163260004500215300002400260600002400284990002100308INLIS00000000000033620220530085833 a0010-0522000036ta220530 0 ind  a9786021143247 a155.2 a155.2 AST p0 aAstri Yulianda1 aPendidikan karakter bangsa 11 : cinta tanah air aJakarta :bMustika Pustaka Negeri,c2017 a76 :bilus ;c29 cm 4apendidikan karakter a311/smpn7/sby/18